Statistics for SAT Words Impossible Click Quiz - B

Click here to take the quiz!

General Stats

  • This quiz has been taken 88 times
  • The average score is 8 of 18

Answer Stats

HintAnswer% Correct
Relating to the cheekBuccal
80%
Rich fabric, often with raised designsBrocade
76%
The habit of grinding one’s teethBruxism
68%
Misty, foggyBrumous
66%
Having a butter-like consistencyButyrous
61%
Arrogant, self-assertiveBumptious
56%
Cow barnByre
54%
Swing from branch to branchBrachiate
51%
Censor; expurgateBowdlerize
49%
Coax with flatteryBlandish
42%
Buzzing or droning soundBombilation
41%
Makeshift partition in a mine to control ventilationBrattice
41%
Uneducated; lacking intellectBenighted
32%
Fireball; exploding meteorBolide
32%
Tool for engraving or etching steelBurin
24%
Tedious or unoriginal remarkBromide
20%
Fundamental rule or maximBrocard
12%
Silk-like threadByssus
12%

Score Distribution

Percentile by Number Answered

Percent of People with Each Score

Your Score History

You have not taken this quiz